| 000 | 00374 a2200169 4500 | ||
|---|---|---|---|
| 001 | 68236 | ||
| 020 | _a8590011615 | ||
| 040 | _cAnchieta - Pituba | ||
| 100 | _aGregório Netto, Constantino | ||
| 240 | 1 | 0 |
_aMadre Marie _lpor |
| 245 | 1 | 0 | _aMadre Marie |
| 300 | _a183 | ||
| 362 | 0 | _a1995 | |
| 440 | 1 | _aGráfica Santa Helena | |
| 650 | 4 | _aFicção brasileira | |
| 942 | _cBK | ||
| 999 |
_c68236 _d68236 |
||